| 000 | 00697nam a2200205 4500 | ||
|---|---|---|---|
| 003 | OSt | ||
| 005 | 20221116131321.0 | ||
| 008 | 221111b |||||||| |||| 00| 0 eng d | ||
| 040 | _cBiblioteca Lado V | ||
| 082 |
_a700.74 _bM627i |
||
| 100 |
_9419 _aMiddelhoff, Eva _ecurador |
||
| 245 | _aInternacional Grafik Triennale Internacional of Graphic Art/ | ||
| 260 |
_aAlemania _c1990 |
||
| 300 |
_a204p. _c21x24cm |
||
| 650 |
_2Tesauro de Arte & Arquitectura _aTRIENAL |
||
| 650 |
_2Tesauro de Arte & Arquitectura _aARTE |
||
| 650 |
_2Tesauro de Arte & Arquitectura _aARTE GRAFICO |
||
| 650 |
_2Tesauro de Arte & Arquitectura _aEXHIBITION |
||
| 942 |
_2ddc _c1 _h700.74 _iM627i _n0 |
||
| 999 |
_c2631 _d2631 |
||